Estadísticas del libro en Colombia 2003 / (Registro nro. 4912)
[ vista simple ]
| 000 -LEADER | |
|---|---|
| fixed length control field | 00998nam a2200229Ia 4500 |
| 003 - CONTROL NUMBER IDENTIFIER | |
| control field | OSt |
| 005 - DATE AND TIME OF LATEST TRANSACTION | |
| control field | 20200908154221.0 |
| 008 - FIXED-LENGTH DATA ELEMENTS--GENERAL INFORMATION | |
| fixed length control field | 191128s2004 ck a gr 000 0 spa d |
| 020 ## - INTERNATIONAL STANDARD BOOK NUMBER | |
| International Standard Book Number | 9589679587 |
| 040 ## - CATALOGING SOURCE | |
| Original cataloging agency | CO-JMCR |
| Transcribing agency | CO-JMCR |
| 041 0# - LANGUAGE CODE | |
| Language code of text/sound track or separate title | spa |
| 082 04 - DEWEY DECIMAL CLASSIFICATION NUMBER | |
| Classification number | 381.45002 / |
| Item number | A283e |
| Edition number | 23 |
| 100 1# - MAIN ENTRY--PERSONAL NAME | |
| Personal name | Aguillón Rojas, José Serafín, |
| Relator term | autor |
| 9 (RLIN) | 9979 |
| 245 10 - TITLE STATEMENT | |
| Title | Estadísticas del libro en Colombia 2003 / |
| Statement of responsibility, etc. | José Serafín Aguillon Rojas |
| 260 ## - PUBLICATION, DISTRIBUTION, ETC. | |
| Place of publication, distribution, etc. | Bogotá : |
| Name of publisher, distributor, etc. | Cámara Colombiana del Libro, |
| Date of publication, distribution, etc. | 2004. |
| 300 ## - PHYSICAL DESCRIPTION | |
| Extent | 222 páginas : |
| Other physical details | ilustraciones en color ; |
| Dimensions | 24 cm. |
| 505 0# - FORMATTED CONTENTS NOTE | |
| Formatted contents note | Indicadores del libro en Colombia/Empleo/Edición y producción/Ventas/Mercado del libro en Colombia/Comercio Exterior/Derechos de autor/Inversión en promoción y publicidad/Edición producción y venta de las editoriales universitarias/Registro de titulo en l |
| 650 24 - SUBJECT ADDED ENTRY--TOPICAL TERM | |
| Topical term or geographic name entry element | Cámara Colombiana del Libro |
| 9 (RLIN) | 9980 |
| 650 24 - SUBJECT ADDED ENTRY--TOPICAL TERM | |
| Topical term or geographic name entry element | Industria del libro Libros |
| 9 (RLIN) | 9981 |
| 650 24 - SUBJECT ADDED ENTRY--TOPICAL TERM | |
| Topical term or geographic name entry element | Mercadeo |
| General subdivision | Libros |
| 9 (RLIN) | 9982 |
| 942 ## - ADDED ENTRY ELEMENTS (KOHA) | |
| Source of classification or shelving scheme | Dewey Decimal Classification |
| Koha item type | Books |
| Withdrawn status | Lost status | Source of classification or shelving scheme | Materials specified (bound volume or other part) | Damaged status | Not for loan | Home library | Current library | Shelving location | Date acquired | Source of acquisition | Total Checkouts | Full call number | Barcode | Date last seen | Date last checked out | Copy number | Price effective from | Koha item type |
|---|---|---|---|---|---|---|---|---|---|---|---|---|---|---|---|---|---|---|
| Dewey Decimal Classification | Donación--15/04/2018-- | Biblioteca Pública José María del Castillo y Rada | Biblioteca Pública José María del Castillo y Rada | General Stacks | 11/28/2019 | Donación | 1 | 381.45002 / A283e | 430000961 | 05/16/2024 | 07/14/2022 | Ej.1 | 11/28/2019 | Books |